00316nam a2200121Ia 4500008004100000020001500041041000800056082001600064100001600080245005400096260003500150300000900185220803s9999 xx 000 0 und d a8123907397 aeng a720.030 JAI aJain S Pub. aWebster's Pocket Business Dictionary .-8123907397 aNew DelhibCBS Publisherc2001 a318p